000 01583cam a2200325 a 4500
001 000044137
003 DO-SdBNP
005 20240715092745.0
006 a||||er|||| 00| 0
007 ta
008 820402e1980 ch aho 000 e spa d
040 _aDO-SdBNP
_bspa
_cBNPHU
_erda
082 4 _222
_a983.065
_bP657d, 1980
100 1 _aPinochet Ugarte, Augusto,
_d1915-2006.
_927568
245 1 3 _aEl día decisivo :
_b11 de septiembre de 1973 /
_cA. Pinochet U.
250 _a4a. edición.
264 1 _a[Santiago de Chile] :
_bEditorial Andrés Bello,
_c1980
300 _a279 páginas :
_bilustraciones, facsímil, fotografías ;
_c23 cm.
336 _2rdacontent
_atexto
_btxt
337 _2rdamedia
_asin mediación
_bn
338 _2rdacarrier
_avolumen
_bnc
500 _aIncluye bibliografía y notas al pie de páginas.
505 _aPrólogo.
_tEntrada en Materia.-- Primeros años en la carrera de las armas.-- El comportamiento militar estanco.-- elección presidencial.-- No hay mejor defensa que un buen ataque.-- Los últimos meses del régimen marxista.-- Actividadades del día 10 y noche del 10 al 11 de septiembre de 1973.-- La batalla de Santiago.-- Constitución y primeras actividades de la Junta de Gobierno.-- Cuenta del estado del país al 11 de septiembre de 1973.--
_tAnexos.
590 _aInventariado 2024 / MF
600 4 _aPinochet Ugarte, Augusto,
_971031
_d1915-2006
650 4 _aPresidentes
_zChile
_xEntrevistas
_941069
651 4 _aChile
_xHistoria
_y1973.
_941067
651 4 _aChile
_xPolítica Y Gobierno
_y1970-1973.
_941068
942 _2ddc
_cLBS1
999 _c43626
_d43626